书目信息 |
| 题名: |
环境影响经济评价
|
|
| 作者: | 曾贤刚 编著 | |
| 分册: | ||
| 出版信息: | 北京 化学工业出版社环境科学与工程出版中心 2003 |
|
| 页数: | 291页 | |
| 开本: | 26cm | |
| 丛书名: | ||
| 单 册: | ||
| 中图分类: | X820.3 | |
| 科图分类: | ||
| 主题词: | 环境影响--huan jing ying xiang , 经济评价--jing ji ping jia , 环境影响--huan jing ying xiang--经济评价--研究 | |
| 电子资源: | ||
| ISBN: | 7-5025-4472-0 | |
| 000 | 01108nam0 2200313 450 | |
| 000 | 01137nam0 2200313 450 | |
| 000 | 01100nam0 2200301 450 | |
| 000 | 01083nam0 2200301 450 | |
| 000 | 01046nam0 2200289 450 | |
| 001 | CAL 012006006986 | |
| 005 | 20061030151307.59 | |
| 010 | @a7-5025-4472-0@dCNY45.00 | |
| 099 | @aCAL 012006006986 | |
| 100 | @a20060830d2003 emky0chiy0120 ea | |
| 101 | 0 | @achi |
| 102 | @aCN@b110000 | |
| 105 | @ak an 000yy | |
| 200 | 1 | @a环境影响经济评价@Ahuan jing ying xiang jing ji ping jia@f曾贤刚编著 |
| 210 | @a北京@c化学工业出版社环境科学与工程出版中心@d2003 | |
| 215 | @a291页@c表格@d26cm | |
| 320 | @a附参考文献 (第290-291页) | |
| 330 | @a本书第一次系统地对环境影响经济评价进行了论述。其主要内容为: 环境影响经济评价的概念、特点及其意义; 环境价值的构成; 环境影响经济评价的理论和方法等。 | |
| 606 | 0 | @a环境影响@Ahuan jing ying xiang |
| 606 | 0 | @a经济评价@Ajing ji ping jia |
| 606 | 0 | @a环境影响@Ahuan jing ying xiang@x经济评价@x研究 |
| 690 | @aX820.3@v4 | |
| 701 | 0 | @a曾贤刚@Azeng xian gang@4编著 |
| 801 | 0 | @aCN@c20061030 |
| 905 | @a10447@dX820.3@eZ027 | |
| 环境影响经济评价/曾贤刚编著.-北京:化学工业出版社环境科学与工程出版中心,2003 |
| 291页:表格;26cm |
| ISBN 7-5025-4472-0:CNY45.00 |
| 本书第一次系统地对环境影响经济评价进行了论述。其主要内容为: 环境影响经济评价的概念、特点及其意义; 环境价值的构成; 环境影响经济评价的理论和方法等。 |
| ● |
| 相关链接 |
|
|
|
正题名:环境影响经济评价
索取号:X820.3/Z027
 
预约/预借
| 序号 | 登录号 | 条形码 | 馆藏地/架位号 | 状态 | 备注 |
| 1 | 633036 | 206330362 | 期刊室512/501自科库 113排2列2层/ [索取号:X820.3/Z027] | 在馆 | |
| 2 | 633037 | 206330371 | 自科库501/501自科库 113排2列2层/ [索取号:X820.3/Z027] | 在馆 | |
| 3 | 633038 | 206330380 | 自科库501/501自科库 113排2列2层/ [索取号:X820.3/Z027] | 在馆 |